000
00188nam a22000977a 4500
999
_c
67234
_d
67231
082
_a
174.962MAR
100
_a
Martin,M.W
245
_a
Ethics in Engineering
300
_a
339p
942
_c
BK